Quarters of Prague with a Map - Statistics

General Stats
  • This quiz has been taken 1,321 times
  • The average score is 53 of 112
Answers on the Map
Answers color-coded by a green-red scale on the quiz's map according to % correct below.
 
Answer Stats
Quarter Population % Correct
Staré Město 7 545
90%
Nové Město 23 546
87%
Smíchov 34 202
85%
Malá Strana 5 078
84%
Holešovice 37 457
83%
Žižkov 57 641
83%
Vinohrady 48 201
80%
Chodov 50 700
78%
Hradčany 1 780
78%
Dejvice 23 029
77%
Vyšehrad 1 637
75%
Černý Most 23 553
74%
Letňany 21 230
73%
Zličín 6 663
73%
Karlín 11 564
71%
Ruzyně 7 601
71%
Háje 22 466
70%
Vršovice 36 153
69%
Libeň 34 937
68%
Hostivař 18 011
67%
Kobylisy 27 050
67%
Motol 3 761
65%
Nusle 32 103
65%
Stodůlky 60 767
65%
Strašnice 35 976
65%
Troja 13 792
65%
Krč 28 294
64%
Braník 17 251
63%
Řepy 22 946
63%
Josefov 1 182
62%
Modřany 33 943
61%
Prosek 16 756
59%
Vysočany 16 114
58%
Řeporyje 4 370
57%
Bohnice 16 108
56%
Zbraslav 9 409
56%
Bubeneč 22 792
55%
Břevnov 24 785
54%
Horní Počernice 15 486
54%
Jinonice 6 437
54%
Veleslavín 6 343
54%
Dolní Počernice 2 769
53%
Libuš 5 578
52%
Radlice 1 872
51%
Střížkov 15 258
51%
Hloubětín 12 812
50%
Podolí 13 077
50%
Velká Chuchle 2 313
50%
Kbely 7 095
49%
Klánovice 3 686
49%
Michle 20 526
49%
Malá Chuchle 281
48%
Střešovice 6 583
48%
Uhříněves 10 523
48%
Ďáblice 3 595
46%
Hlubočepy 22 994
46%
Písnice 4 322
46%
Dolní Měcholupy 3 612
45%
Horní Měcholupy 15 711
45%
Radotín 8 325
45%
Malešice 10 297
43%
Kunratice 9 405
42%
Kyje 9 168
42%
Přední Kopanina 589
42%
Suchdol 5 927
42%
Košíře 15 470
41%
Újezd nad Lesy 10 490
40%
Zadní Kopanina 110
40%
Běchovice 2 336
39%
Záběhlice 33 443
39%
Čakovice 8 321
38%
Hrdlořezy 2 295
37%
Kolovraty 3 589
37%
Slivenec 3 281
37%
Vokovice 11 067
36%
Lhotka 5 482
35%
Satalice 2 424
35%
Komořany 1 829
34%
Vinoř 4 484
34%
Dolní Chabry 4 825
33%
Petrovice 5 878
33%
Štěrboholy 2 291
33%
Kamýk 19 017
31%
Lysolaje 1 372
31%
Liboc 4 984
30%
Čimice 6 541
29%
Lipence 2 850
29%
Nebušice 2 672
29%
Hodkovičky 3 669
28%
Koloděje 1 618
27%
Holyně 454
26%
Šeberov 3 115
26%
Dubeč 3 965
25%
Třeboradice 1 310
24%
Újezd u Průhonic 3 529
24%
Lahovice 351
23%
Lochkov 821
23%
Sedlec 882
23%
Točná 825
23%
Benice 733
22%
Březiněves 1 806
22%
Nedvězí u Říčan 316
22%
Hájek u Uhříněvsi 676
20%
Královice 425
20%
Pitkovice 1 889
20%
Sobín 609
20%
Třebonice 816
20%
Cholupice 991
19%
Miškovice 1 801
19%
Lipany 282
18%
Hostavice 3 402
17%
Křeslice 1 093
17%
No matching quizzes found
Score Distribution
Percent of People with Each Score
Percentile by Number Answered
Your Score History
You have not taken this quiz